00875nam a2200181 i 4500001000700000003000900007007000300016008004100019080003000060100003400090245027300124260004100397300002100438650007300459852002100532999001900553952012100572125562ES-MaACLt|070619s1959 sp ||||1| spa d a336.215.32(46)"1958/1959"1 aSantos Pastor, Angel.910352110aPago de rentas en los contratos de arrendamientos rústicos para el año agrícola 1958-59 b: repercusión de contribuciones y otros impuestos : apéndice a la obra "Propietarios - colonos - inquilinos", Tomo I: Arrendamientos rústicos / cAngel Santos Pastor. aValladolid : bSever-Cuesta, c1959. a33 p. ; c24 cm.14aImpuesto sobre la renta de las personas físicas-zEspaña.913627 aES-MaACLjE-4012 c125562d125562 00104070aATENEOMbATENEOMcDEPO2d2008-01-17eSCl0oE-4012p1130801r2023-02-23 00:00:00w2023-02-23yMONOGRAFIA